Представление документа в формате MARC21

ПолеНазваниеЗначение
  Тип записи a
  Библиографический уровень m
001 Контрольный номер RU\infra-m\znanium\bibl\2234375
005 Дата корректировки 20260429142232.5
008 Кодируемые данные 251231s2025 RU g rus u
020 Индекс ISBN __
a ISBN 978-5-91671-630-6
040 Источник каталогиз. __
a Служба первич. каталог. Общество с ограниченной ответственностью «ЗНАНИУМ»
041 Код языка издания __
a Код языка текста rus
044 Код страны публикации __
a Код страны публикации RU
080 Индекс УДК __
a Индекс УДК 94
084 Индекс другой классификации/Индекс ББК __
2 Источник индекса rubbk
a Индекс другой классификации/Индекс ББК 6330
100 Автор __
a Автор Хейвуд Д.
q Полное имя Хейвуд Дж
245 Заглавие __
a Заглавие Люди Севера. История викингов, 793-1241
b Продолж. заглавия Научно-популярная литература
250 Сведения об издании __
a Основные сведения об издании 1
260 Выходные данные __
a Место издания Москва
b Издательство ООО "Альпина нон-фикшн"
c Дата издания 2026
300 Физическое описание __
a Объем 456 с.
520 Аннотация __
a Аннотация Цивилизация викингов — уникальное явление в истории. Не было до них европейцев которые бы так широко раздвинули границы своего мира. Их завоевательные походы поиски новых земель и легендарная отвага привлекают наше внимание спустя много веков. Книга Джона Хейвуда — увлекательная история древних скандинавов а также рассказ об их мифологии согласно которой путь людей Севера начался в Асгарде при сотворении мира. Автор помещает эту цивилизацию в широкий исторический контекст от ее языческих корней и до интеграции в христианскую Европу. Такой подход помогает увидеть что в разных странах эпоха викингов пришлась на разные периоды. Это был особый мир родившийся в первые века нашей эры в Западной Европе а окончательно исчезнувший лишь в XV в. в Гренландии.
521 Примеч. о цел. назн. __
a Примеч. о целев. назн. Дополнительное профессиональное образование
650 Тематические рубрики __
a Основная рубрика История. Исторические науки
x Основная подрубрика История Средних веков и Возрождения
655 Указ. предметных рубрик (устаревшее) __
a Жанр/ форма (устаревшее) Научно-популярная литература
856 Электронный адрес документа 4_
a Имя сервера/домена znanium.ru
m Помощь ebs_support@infra-m.ru
n Местонахождение сервера НИЦ ИНФРА-М
u URL https://znanium.ru/catalog/document?id=473162
856 Электронный адрес документа 48
a Имя сервера/домена znanium.ru
d Путь /cover/2234
f Электронное имя 2234375.jpg
q Тип электронного формата image/jpeg
u URL https://znanium.ru/cover/2234/2234375.jpg
911 __
u 0030=https://znanium.ru/catalog/document?id=473162